El sector rural en el siglo XXI Un mundo de realidades y posibilidades /

Detalles Bibliográficos
Autor principal: Robles Berlanga, Hčtor Manuel
Formato: eBook
Lenguaje:español
Publicado: Ciudad de Mx̌ico: Cm̀ara de Diputados, 2007
Materias:
Acceso en línea:Acceso restringido

MARC

LEADER 00000nam a22000007a 4500
005 20170704225416.0
007 cr|||| ||||
008 170704s2007 mx |||||s|||| 00||0 spa d
035 |a 20393 
040 |a vLex 
090 |c 6803  |d 6803 
100 1 |a Robles Berlanga, Hčtor Manuel 
245 1 2 |a El sector rural en el siglo XXI  |h [Recurso electrn̤ico] :  |b Un mundo de realidades y posibilidades /  |c Hčtor Manuel Robles Berlanga 
256 |a Servicio en ln̕ea 
260 |a Ciudad de Mx̌ico:  |b Cm̀ara de Diputados,  |c 2007 
300 |a 1 recurso electrn̤ico 
506 1 |a Disponible solo en los productos indicados  |d vLex Global  |d vLex Global (Academic Edition, excluding Law Schools)  |d vLex Global (U.S. Academic Edition, Law Schools)  |d vLex Global (U.S. Academic Edition, excluding Law Schools)  |d vLex Global (Academic Edition, Law Schools) 
650 0 4 |a Derecho Mercantil y de la Empresa  |z Mx̌ico 
650 0 4 |a Derecho Fiscal  |z Mx̌ico 
650 0 4 |a Derecho Pb︢lico y Administrativo  |z Mx̌ico 
650 0 4 |a Derecho del Medio Ambiente  |z Mx̌ico 
740 0 |a vLex Libros (Servicio en ln̕ea) 
856 4 0 |u http://vlex.com/source/sector-rural-en-el-siglo-xxi-un-mundo-de-realidades-y-posibilidades-20393  |z Acceso restringido 
942 |c BOOK 
999 0 |a Commercial and Company Law 
999 0 |a Tax Law 
999 0 |a Public and Administrative Law 
999 0 |a Environmental Law